| 000 | 00457nam a22001337a 4500 | ||
|---|---|---|---|
| 999 |
_c130546 _d130546 |
||
| 008 | 201028b ||||| |||| 00| 0 eng d | ||
| 050 | _aBV4319.N53 | ||
| 100 |
_aNida, Eugene A. _950007 |
||
| 245 |
_aCustoms and cultures _banthropology for Christian Missions _cEugene A. Nida |
||
| 260 |
_aCalifonia _bWilliam Carey Library _c1954 |
||
| 300 |
_axiv, 306p. ; _c22cm. |
||
| 650 |
_aCommunication _xReligious aspects _xChristianity _97752 |
||
| 942 |
_2lcc _cMONOGRAPH |
||